| 000 | 01046nam a22003131 4500 | ||
|---|---|---|---|
| 001 | 18117 | ||
| 003 | BD-RjUL | ||
| 005 | 20211209000235.0 | ||
| 008 | 140219s1964 enk b 000 0 eng | ||
| 035 | _a(BD-RjUL)18175 | ||
| 035 | _a(OCoLC)371062 | ||
| 040 |
_aDLC _cODaWU _dOCoLC _dTNJ _dUk _dDLC _dBD-RjUL _beng |
||
| 041 | _aeng | ||
| 082 |
_a192.09 _bDAE 1964 |
||
| 100 | 1 |
_aDavies, Hugh Sykes, _d1909-1984, _955828 |
|
| 245 | 1 | 4 |
_aThe English mind : _bstudies in the English moralists presented to Basil Willey / _cHugh Sykes Davies |
| 260 |
_aCambridge [Eng.] : _bUniversity Press, _cc1964. |
||
| 300 |
_aviii, 302 p. ; _c23 cm. |
||
| 504 | _aIncludes bibliography. | ||
| 600 | 1 | 0 |
_aWilley, Basil, _d1897- _94250 |
| 650 | 0 |
_aPhilosophy, English. _955829 |
|
| 650 | 0 |
_aEthics _zGreat Britain _xHistory. _95436 |
|
| 650 | 0 |
_aEnglish literature _xHistory and criticism. _952967 |
|
| 700 | 1 |
_aWilley, Basil, _d1897- _94250 |
|
| 700 | 1 |
_aWatson, George, _d1927- _ejoint ed. _955830 |
|
| 942 |
_2ddc _cBK |
||
| 999 |
_c18117 _d18117 |
||